000
00289nam a2200109Ia 4500
008
220204s9999 xx 000 0 und d
082
_a
741.5
_b
ABU
100
_a
Abu Abraham
245
0
_a
Games of emergency: A collection of cartoons and articles
260
_a
New Delhi
_b
Vikas
942
_c
BK
999
_c
31330
_d
31330